[Event "Stay Safe Play From Home 195"]
[Site "T#646521Emanuel Laske"]
[Date "2020.06.02"]
[Round "5"]
[White "Aktürk"]
[Black "President"]
[Result "0-1"]
[WhiteElo "1505"]
[BlackElo "1676"]
[Annotator "NA RC"]
[PlyCount "134"]
[EventDate "2020.06.02"]
[EventType "swiss (blitz)"]

1. e3 {[%emt 0:00:05]} b6 {[%emt 0:00:04]} 2. Qf3 {[%emt 0:00:02]} Nc6 {[%emt 0:00:05]} 3. b3 {[%emt 0:00:01]} Bb7 {[%emt 0:00:01]} 4. Qg3 {[%emt 0:00:05]} Nf6 {[%emt 0:00:09]} 5. Bb2 {[%emt 0:00:01]} e6 {[%emt 0:00:03]} 6. Be2 {[%emt 0:00:03]} g6 {[%emt 0:00:03]} 7. h4 {[%emt 0:00:05]} Bg7 {[%emt 0:00:02]} 8. Nc3 {[%emt 0:00:02]} h5 {[%emt 0:00:05]} 9. Nh3 {[%emt 0:00:04]} d6 {[%emt 0:00:08]} 10. Rb1 {[%emt 0:00:01]} Qe7 {[%emt 0:00:11]} 11. Nf4 {[%emt 0:00:02]} O-O-O {[%emt 0:00:06]} 12. a3 {[%emt 0:00:05]} Kb8 {[%emt 0:00:01]} 13. Nd1 {[%emt 0:00:08]} d5 {[%emt 0:00:03]} 14. Nd3 {[%emt 0:00:11]} Rhg8 {[%emt 0:00:06]} 15. a4 {[%emt 0:00:09]} Ne4 {[%emt 0:00:03]} 16. Qf3 {[%emt 0:00:06]} Bxb2 {[%emt 0:00:02]} 17. N3xb2 {[%emt 0:00:08]} Qf6 {[%emt 0:00:05]} 18. d3 {[%emt 0:00:05]} Qxf3 {[%emt 0:00:04]} 19. Bxf3 {[%emt 0:00:03]} Nc5 {[%emt 0:00:15]} 20. d4 {[%emt 0:00:11]} Nd7 {[%emt 0:00:05]} 21. Nd3 {[%emt 0:00:02]} a5 {[%emt 0:00:06]} 22. Nc3 {[%emt 0:00:04]} Ba6 {[%emt 0:00:11]} 23. Nf4 {[%emt 0:00:14]} Ne7 {[%emt 0:00:08]} 24. Nh3 {[%emt 0:00:03]} Nf5 {[%emt 0:00:05]} 25. Ng5 {[%emt 0:00:04]} Rg7 {[%emt 0:00:12]} 26. g4 {[%emt 0:00:07]} hxg4 {[%emt 0:00:04]} 27. Bxg4 {[%emt 0:00:02]} Re8 {[%emt 0:00:06]} 28. Ne2 {[%emt 0:00:15]} Nf6 {[%emt 0:00:02]} 29. Bxf5 {[%emt 0:00:05]} gxf5 {[%emt 0:00:04]} 30. Nf4 {[%emt 0:00:09]} Bc8 {[%emt 0:00:25]} 31. Nd3 {[%emt 0:00:09]} Ne4 {[%emt 0:00:06]} 32. f4 {[%emt 0:00:20]} f6 {[%emt 0:00:03]} 33. Nf3 {[%emt 0:00:10]} Rg2 {[%emt 0:00:08]} 34. Rg1 {[%emt 0:00:07]} Rxc2 {[%emt 0:00:09]} 35. b4 {[%emt 0:00:08]} Rc3 {[%emt 0:00:11]} 36. Ke2 {[%emt 0:00:11]} axb4 {[%emt 0:00:03]} 37. Nxb4 {[%emt 0:00:06]} Ra3 {[%emt 0:00:01]} 38. Nc6+ {[%emt 0:00:08]} Kb7 {[%emt 0:00:05]} 39. Rgc1 {[%emt 0:00:08]} Rxa4 {[%emt 0:00:04]} 40. Nd2 {[%emt 0:00:02]} Nxd2 {[%emt 0:00:06]} 41. Kxd2 {[%emt 0:00:02]} Ra2+ {[%emt 0:00:02]} 42. Kd1 {[%emt 0:00:01]} Rh8 {[%emt 0:00:03]} 43. Rc2 {[%emt 0:00:03]} Rxc2 {[%emt 0:00:02]} 44. Kxc2 {[%emt 0:00:01]} Kxc6 {[%emt 0:00:01]} 45. Kd3 {[%emt 0:00:01]} Rxh4 {[%emt 0:00:02]} 46. Rc1+ {[%emt 0:00:01]} Kd7 {[%emt 0:00:08]} 47. Rg1 {[%emt 0:00:02]} Ba6+ {[%emt 0:00:03]} 48. Kc3 {[%emt 0:00:03]} Rh3 {[%emt 0:00:03]} 49. Rg7+ {[%emt 0:00:02]} Kd6 {[%emt 0:00:02]} 50. Kd2 {[%emt 0:00:02]} Rh2+ {[%emt 0:00:04]} 51. Kc3 {[%emt 0:00:02]} Re2 {[%emt 0:00:03]} 52. Rg3 {[%emt 0:00:03]} c5 {[%emt 0:00:04]} 53. dxc5+ {[%emt 0:00:02]} bxc5 {[%emt 0:00:01]} 54. Kb3 {[%emt 0:00:02]} d4 {[%emt 0:00:02]} 55. exd4 {[%emt 0:00:02]} cxd4 {[%emt 0:00:01]} 56. Rg1 {[%emt 0:00:05]} Re3+ {[%emt 0:00:01]} 57. Kc2 {[%emt 0:00:03]} d3+ {[%emt 0:00:02]} 58. Kc1 {[%emt 0:00:01]} Re2 {[%emt 0:00:01]} 59. Rd1 {[%emt 0:00:00]} Kd5 {[%emt 0:00:02]} 60. Kb1 {[%emt 0:00:01]} Ke4 {[%emt 0:00:01]} 61. Ka1 {[%emt 0:00:02]} Kxf4 {[%emt 0:00:01]} 62. Kb1 {[%emt 0:00:01]} Ke3 {[%emt 0:00:01]} 63. Kc1 {[%emt 0:00:02]} f4 {[%emt 0:00:01]} 64. Rf1 {[%emt 0:00:01]} f3 {[%emt 0:00:02]} 65. Kb1 {[%emt 0:00:03]} d2 {[%emt 0:00:01]} 66. Rd1 {[%emt 0:00:02]} Re1 {[%emt 0:00:01]} 67. Kc2 {[%emt 0:00:01]} Bd3+ {[%emt 0:00:03] Aktürk terk eder (Lag: Av=0.31s, max=0.5s)} 0-1

[Event "Stay Safe Play From Home 195"]
[Site "T#646521Emanuel Laske"]
[Date "2020.06.02"]
[Round "5"]
[White "Ahmet777"]
[Black "Tobo Rubirosa"]
[Result "0-1"]
[WhiteElo "1451"]
[BlackElo "1672"]
[Annotator "NA RC"]
[PlyCount "158"]
[EventDate "2020.06.02"]
[EventType "swiss (blitz)"]

1. d4 {[%emt 0:00:03]} Nf6 {[%emt 0:00:02]} 2. e3 {[%emt 0:00:01]} g6 {[%emt 0:00:01]} 3. Bd3 {[%emt 0:00:04]} Bg7 {[%emt 0:00:01]} 4. Nf3 {[%emt 0:00:02]} O-O {[%emt 0:00:01]} 5. Ne5 {[%emt 0:00:01]} c5 {[%emt 0:00:03]} 6. dxc5 {[%emt 0:00:02]} Qa5+ {[%emt 0:00:03]} 7. Bd2 {[%emt 0:00:20]} Qxc5 {[%emt 0:00:05]} 8. Bc3 {[%emt 0:00:00]} Nc6 {[%emt 0:00:05]} 9. Nxc6 {[%emt 0:00:04]} Qxc6 {[%emt 0:00:08]} 10. O-O {[%emt 0:00:01]} b6 {[%emt 0:00:04]} 11. Nd2 {[%emt 0:00:03]} Bb7 {[%emt 0:00:03]} 12. Qf3 {[%emt 0:00:04]} Qxf3 {[%emt 0:00:05]} 13. Nxf3 {[%emt 0:00:00]} Bxf3 {[%emt 0:00:02]} 14. b3 {[%emt 0:00:12]} Bc6 {[%emt 0:00:08]} 15. Rae1 {[%emt 0:00:05]} Nd5 {[%emt 0:00:05]} 16. Bxg7 {[%emt 0:00:06]} Kxg7 {[%emt 0:00:00]} 17. e4 {[%emt 0:00:01]} Nb4 {[%emt 0:00:03]} 18. Ra1 {[%emt 0:00:15]} Nxd3 {[%emt 0:00:03]} 19. cxd3 {[%emt 0:00:00]} Bb5 {[%emt 0:00:02]} 20. Rad1 {[%emt 0:00:04]} Rac8 {[%emt 0:00:01]} 21. a4 {[%emt 0:00:03]} Ba6 {[%emt 0:00:02]} 22. b4 {[%emt 0:00:02]} Rc2 {[%emt 0:00:03]} 23. Rfe1 {[%emt 0:00:05]} Rfc8 {[%emt 0:00:03]} 24. h3 {[%emt 0:00:10]} Ra2 {[%emt 0:00:04]} 25. b5 {[%emt 0:00:05]} Bb7 {[%emt 0:00:02]} 26. Ra1 {[%emt 0:00:02]} Rxa1 {[%emt 0:00:05]} 27. Rxa1 {[%emt 0:00:01]} Rc2 {[%emt 0:00:01]} 28. a5 {[%emt 0:00:02]} Rb2 {[%emt 0:00:25]} 29. a6 {[%emt 0:00:06]} Ba8 {[%emt 0:00:06]} 30. Rc1 {[%emt 0:00:02]} Rxb5 {[%emt 0:00:03]} 31. Rc8 {[%emt 0:00:01]} Bc6 {[%emt 0:00:05]} 32. Rc7 {[%emt 0:00:06]} Ra5 {[%emt 0:00:04]} 33. Rxa7 {[%emt 0:00:03]} Bb5 {[%emt 0:00:02]} 34. d4 {[%emt 0:00:06]} Rxa6 {[%emt 0:00:04]} 35. Rc7 {[%emt 0:00:06]} d6 {[%emt 0:00:08]} 36. e5 {[%emt 0:00:02]} dxe5 {[%emt 0:00:02]} 37. dxe5 {[%emt 0:00:00]} e6 {[%emt 0:00:01]} 38. f4 {[%emt 0:00:08]} Bd3 {[%emt 0:00:08]} 39. Kf2 {[%emt 0:00:02]} Be4 {[%emt 0:00:01]} 40. Ke3 {[%emt 0:00:01]} Bd5 {[%emt 0:00:02]} 41. g3 {[%emt 0:00:03]} b5 {[%emt 0:00:01]} 42. Kd3 {[%emt 0:00:02]} Rb6 {[%emt 0:00:03]} 43. Rc5 {[%emt 0:00:05]} b4 {[%emt 0:00:02]} 44. Kc2 {[%emt 0:00:03]} b3+ {[%emt 0:00:01]} 45. Kb2 {[%emt 0:00:02]} Ra6 {[%emt 0:00:01]} 46. g4 {[%emt 0:00:04]} Ra2+ {[%emt 0:00:03]} 47. Kc1 {[%emt 0:00:06]} Be4 {[%emt 0:00:10]} 48. Rb5 {[%emt 0:00:08]} Bc2 {[%emt 0:00:04]} 49. f5 {[%emt 0:00:05]} gxf5 {[%emt 0:00:03]} 50. gxf5 {[%emt 0:00:01]} Ra1+ {[%emt 0:00:24]} 51. Kb2 {[%emt 0:00:02]} Rb1+ {[%emt 0:00:02]} 52. Ka3 {[%emt 0:00:06]} Bxf5 {[%emt 0:00:02]} 53. Rxb3 {[%emt 0:00:03]} Rxb3+ {[%emt 0:00:03]} 54. Kxb3 {[%emt 0:00:00]} Bxh3 {[%emt 0:00:02]} 55. Kc4 {[%emt 0:00:01]} f5 {[%emt 0:00:03]} 56. Kd3 {[%emt 0:00:01]} Kg6 {[%emt 0:00:05]} 57. Ke3 {[%emt 0:00:02]} Kg5 {[%emt 0:00:02]} 58. Kf2 {[%emt 0:00:01]} Kg4 {[%emt 0:00:03]} 59. Kg1 {[%emt 0:00:02]} f4 {[%emt 0:00:01]} 60. Kh2 {[%emt 0:00:01]} f3 {[%emt 0:00:02]} 61. Kg1 {[%emt 0:00:00]} Kf4 {[%emt 0:00:02]} 62. Kf2 {[%emt 0:00:01]} Ke4 {[%emt 0:00:01]} 63. Kg3 {[%emt 0:00:01]} Ke3 {[%emt 0:00:01]} 64. Kxh3 {[%emt 0:00:04]} Ke2 {[%emt 0:00:01]} 65. Kg4 {[%emt 0:00:00]} f2 {[%emt 0:00:01]} 66. Kg5 {[%emt 0:00:00]} f1=Q {[%emt 0:00:01]} 67. Kh6 {[%emt 0:00:02]} Qf5 {[%emt 0:00:02]} 68. Kg7 {[%emt 0:00:05]} Qxe5+ {[%emt 0:00:05]} 69. Kxh7 {[%emt 0:00:01]} Qh8+ {[%emt 0:00:04]} 70. Kg6 {[%emt 0:00:01]} e5 {[%emt 0:00:02]} 71. Kf5 {[%emt 0:00:01]} Kd3 {[%emt 0:00:04]} 72. Ke6 {[%emt 0:00:03]} e4 {[%emt 0:00:02]} 73. Kf5 {[%emt 0:00:01]} e3 {[%emt 0:00:01]} 74. Kf4 {[%emt 0:00:02]} e2 {[%emt 0:00:01]} 75. Kf5 {[%emt 0:00:02]} Qe5+ {[%emt 0:00:02]} 76. Kg6 {[%emt 0:00:01]} e1=Q {[%emt 0:00:02]} 77. Kf7 {[%emt 0:00:01]} Qf2+ {[%emt 0:00:02]} 78. Kg6 {[%emt 0:00:03]} Qeg3+ {[%emt 0:00:00]} 79. Kh7 {[%emt 0:00:00]} Qfh2# {[%emt 0:00:01] (Lag: Av=1.01s, max=3.7s)} 0-1

[Event "Stay Safe Play From Home 195"]
[Site "T#646521Emanuel Laske"]
[Date "2020.06.02"]
[Round "5"]
[White "Abhi46698"]
[Black "Batualkoc52"]
[Result "1-0"]
[WhiteElo "1375"]
[BlackElo "1570"]
[Annotator "NA RC"]
[PlyCount "41"]
[EventDate "2020.06.02"]
[EventType "swiss (blitz)"]

1. d4 {[%emt 0:00:02]} Nf6 {[%emt 0:00:03]} 2. Bf4 {[%emt 0:00:00]} e6 {[%emt 0:00:07]} 3. e3 {[%emt 0:00:00]} b6 {[%emt 0:00:03]} 4. Qf3 {[%emt 0:00:03]} Nc6 {[%emt 0:00:07]} 5. Bb5 {[%emt 0:00:03]} Bb7 {[%emt 0:00:03]} 6. Nc3 {[%emt 0:00:04]} a6 {[%emt 0:00:03]} 7. Bd3 {[%emt 0:00:04]} Bb4 {[%emt 0:00:22]} 8. Nge2 {[%emt 0:00:03]} O-O {[%emt 0:00:03]} 9. O-O {[%emt 0:00:03]} Re8 {[%emt 0:00:14]} 10. Qh3 {[%emt 0:00:08]} d5 {[%emt 0:00:24]} 11. Bg5 {[%emt 0:00:14]} h6 {[%emt 0:00:15]} 12. Bxh6 {[%emt 0:00:33]} gxh6 {[%emt 0:00:06]} 13. Qxh6 {[%emt 0:00:04]} Bf8 {[%emt 0:00:15]} 14. Qg5+ {[%emt 0:00:03]} Bg7 {[%emt 0:00:09]} 15. f4 {[%emt 0:00:03]} Kf8 {[%emt 0:00:04]} 16. Rf3 {[%emt 0:00:06]} Bh8 {[%emt 0:00:20]} 17. Rh3 {[%emt 0:00:09]} Ke7 {[%emt 0:00:03]} 18. f5 {[%emt 0:00:16]} e5 {[%emt 0:00:11]} 19. e4 {[%emt 0:00:18]} exd4 {[%emt 0:00:22]} 20. Nxd5+ {[%emt 0:00:03]} Kd6 {[%emt 0:00:14]} 21. Rh6 {[%emt 0:00:07] Zaman (Lag: Av=0.67s, max=0.8s)} 1-0

[Event "Stay Safe Play From Home 195"]
[Site "T#646521Emanuel Laske"]
[Date "2020.06.02"]
[Round "6"]
[White "Position"]
[Black "Don59as"]
[Result "1-0"]
[WhiteElo "2162"]
[BlackElo "2034"]
[Annotator "NA RC"]
[PlyCount "47"]
[EventDate "2020.06.02"]
[EventType "swiss (blitz)"]

1. e4 {[%emt 0:00:02]} e5 {[%emt 0:00:01]} 2. Nf3 {[%emt 0:00:02]} Nc6 {[%emt 0:00:01]} 3. Bc4 {[%emt 0:00:02]} d6 {[%emt 0:00:01]} 4. h3 {[%emt 0:00:01]} Be7 {[%emt 0:00:03]} 5. O-O {[%emt 0:00:01]} Nf6 {[%emt 0:00:01]} 6. d3 {[%emt 0:00:01]} Na5 {[%emt 0:00:01]} 7. Bb5+ {[%emt 0:00:01]} c6 {[%emt 0:00:01]} 8. Ba4 {[%emt 0:00:01]} b5 {[%emt 0:00:01]} 9. Bb3 {[%emt 0:00:01]} Nxb3 {[%emt 0:00:01]} 10. axb3 {[%emt 0:00:01]} O-O {[%emt 0:00:01]} 11. Nc3 {[%emt 0:00:04]} b4 {[%emt 0:00:04]} 12. Ne2 {[%emt 0:00:02]} c5 {[%emt 0:00:03]} 13. Ng3 {[%emt 0:00:03]} Re8 {[%emt 0:00:03]} 14. Re1 {[%emt 0:00:03]} h6 {[%emt 0:00:02]} 15. Nh4 {[%emt 0:00:03]} Bf8 {[%emt 0:00:03]} 16. Nhf5 {[%emt 0:00:01]} Kh7 {[%emt 0:00:02]} 17. Bd2 {[%emt 0:00:06]} g6 {[%emt 0:00:02]} 18. Ne3 {[%emt 0:00:01]} Bg7 {[%emt 0:00:01]} 19. Nc4 {[%emt 0:00:02]} Be6 {[%emt 0:00:10]} 20. Ra6 {[%emt 0:00:06]} d5 {[%emt 0:00:29]} 21. exd5 {[%emt 0:00:33]} Nxd5 {[%emt 0:00:05]} 22. Qa1 {[%emt 0:00:11]} Qc7 {[%emt 0:00:10]} 23. Qa5 {[%emt 0:00:28]} Nf4 {[%emt 0:00:07]} 24. Qxc7 {[%emt 0:00:08] Don59as resigns (Lag: Av=0.92s, max=2.0s)} 1-0

[Event "Stay Safe Play From Home 195"]
[Site "T#646521Emanuel Laske"]
[Date "2020.06.02"]
[Round "6"]
[White "Lazieri3"]
[Black "Edmatuag"]
[Result "1-0"]
[WhiteElo "2030"]
[BlackElo "1745"]
[Annotator "TA"]
[PlyCount "101"]
[EventDate "2020.06.02"]
[EventType "swiss (blitz)"]

{[%evp 9,101,0,-8,-10,0,0,0,7,0,0,9,-1,7,2,17,8,17,-14,-16,-47,-31,-36,-16,-26,-9,-389,-159,-156,-160,-160,-154,-217,-218,-212,-214,-282,-167,-328,-331,-338,-339,-327,-174,-387,-375,-390,-427,-853,-559,-519,-401,-421,-330,-330,-330,-330,-330,-330,-316,-316,-254,-314,-266,-335,-325,-320,-307,-318,-318,-318,-220,-318,-306,-223,-68,-135,-62,-65,-45,-137,-133,-127,0,0,0,0,1950,605,2004,1768,29970,29958,4618,4618]} 1. e4 c5 2. Nc3 Nc6 3. d3 d6 4. Nf3 g6 5. Be3 Bg7 6. Qd2 {B50: Sicilian: 2...d6, Miscellaneous.} Bg4 7. Be2 e6 {[#]} 8. h3 $146 {The position is equal.} ({Predecessor:} 8. O-O Bxf3 9. Bxf3 Nd4 10. Bxd4 cxd4 11. Ne2 Qc7 12. Rab1 Rc8 13. Qb4 e5 14. c3 {0-1 (32) Santana Lopez Penalver,J (1655)-Hernando Rodrigo,L (1767) Barcelona 2013}) 8... Bxf3 $1 9. Bxf3 Nge7 10. Bh6 Bxh6 11. Qxh6 Qb6 12. O-O-O O-O-O 13. Be2 Nd4 14. f4 Rdg8 15. Rhf1 Qd8 (15... Nec6 {looks sharper.} 16. Kb1 Nb4 17. Rc1 Kb8 18. Qh4 Qa5) 16. Bf3 Kb8 17. Ne2 $2 {[%mdl 8192] [#]} (17. Qg5 $11 {and White has nothing to worry.}) 17... Ndf5 (17... Nef5 $1 $19 {[%mdl 512] and Black stays clearly on top.} 18. exf5 Nxf5) 18. Qg5 $17 ({Don't go for} 18. exf5 $2 Nxf5 19. Qg5 f6 $19) 18... Ne3 $1 {[%csl LRd1,LRf1][%mdl 64] Double Attack} 19. Qf6 Rf8 20. Nc3 (20. Qh4 $17 {was called for.}) 20... Nxf1 21. Rxf1 Nc6 22. Qg7 f6 (22... Qh4 $142 23. Ne2 e5) 23. e5 $2 (23. f5) 23... fxe5 $19 24. Bxc6 bxc6 25. Re1 Qc7 ({Resist} 25... exf4 26. Rxe6 Re8 27. Re4) (25... Rxf4 $142 26. b3 Rff8) 26. Qh6 $2 (26. Qxc7+ {is the only way for White.} Kxc7 27. fxe5) 26... Rxf4 27. Ne4 Rhf8 28. Ng5 (28. g3 $142 Qa5 29. Rd1) 28... Qe7 29. Nf3 Qf7 30. a3 Rxf3 31. gxf3 Qf4+ ({Weaker is} 31... Qxf3 32. Qxh7 Qf2 33. Kd1 $17) 32. Qxf4 Rxf4 {[%mdl 4096] Endgame KR-KR} 33. Rf1 Kc7 34. Kd2 Kd7 35. Ke3 Ke7 36. c3 Kf6 37. b4 cxb4 38. axb4 d5 39. Ra1 Rh4 40. Rxa7 (40. Kf2 $142) 40... Rxh3 41. Rc7 Kf5 $2 (41... h5 $19 42. Rxc6 g5) 42. Rxc6 (42. Rf7+ $1 $15 Kg5 43. Rc7) 42... e4 (42... h5 $17 43. Rc8 Rh2 44. Rf8+ Kg5) 43. dxe4+ $15 dxe4 44. b5 ({White should try} 44. Rc5+ $1 $15 e5 45. b5 exf3 46. Rc4 f2+ {[%mdl 64] Decoy} 47. Kxf2 Rh2+ 48. Ke3) 44... Rxf3+ $17 45. Ke2 {aiming for b6.} Ke5 (45... Rh3 $17 46. Rc4 Rh2+ 47. Ke3 Rb2 48. Rc5+ e5) 46. b6 $11 {[%cal Bb5b6,Bb6b7][%mdl 32] Black must now prevent b7.} Rf8 $1 47. c4 {And now c5 would win.} Kd4 $2 {[%mdl 8192]} (47... Rb8 $11) 48. c5 (48. b7 $142 e3 49. Rc8 Rf2+ 50. Ke1) 48... Kd5 49. Rc7 Rb8 50. b7 h5 51. c6 {White used his chance. Accuracy: White = 50%, Black = 50%.} 1-0

[Event "Stay Safe Play From Home 195"]
[Site "T#646521Emanuel Laske"]
[Date "2020.06.02"]
[Round "6"]
[White "Dukic"]
[Black "Abhi46698"]
[Result "1-0"]
[WhiteElo "1941"]
[BlackElo "1401"]
[Annotator "NA RC"]
[PlyCount "51"]
[EventDate "2020.06.02"]
[EventType "swiss (blitz)"]

1. c4 {[%emt 0:00:06]} Nf6 {[%emt 0:00:00]} 2. Nc3 {[%emt 0:00:01]} c5 {[%emt 0:00:02]} 3. Nf3 {[%emt 0:00:02]} Nc6 {[%emt 0:00:01]} 4. d4 {[%emt 0:00:01]} cxd4 {[%emt 0:00:04]} 5. Nxd4 {[%emt 0:00:01]} g6 {[%emt 0:00:04]} 6. Nc2 {[%emt 0:00:03]} Bg7 {[%emt 0:00:02]} 7. g3 {[%emt 0:00:00]} O-O {[%emt 0:00:01]} 8. Bg2 {[%emt 0:00:01]} e5 {[%emt 0:00:05]} 9. b3 {[%emt 0:00:03]} a6 {[%emt 0:00:03]} 10. O-O {[%emt 0:00:06]} Qa5 {[%emt 0:00:11]} 11. Qd2 {[%emt 0:00:06]} Rb8 {[%emt 0:00:02]} 12. Ba3 {[%emt 0:00:05]} Re8 {[%emt 0:00:05]} 13. Bd6 {[%emt 0:00:01]} Ra8 {[%emt 0:00:04]} 14. Ne3 {[%emt 0:00:03]} Nd4 {[%emt 0:00:05]} 15. Rac1 {[%emt 0:00:07]} b5 {[%emt 0:00:05]} 16. Bxa8 {[%emt 0:00:03]} b4 {[%emt 0:00:12]} 17. Ncd5 {[%emt 0:00:10]} Nxd5 {[%emt 0:00:05]} 18. Nxd5 {[%emt 0:00:07]} Re6 {[%emt 0:00:17]} 19. Ne7+ {[%emt 0:00:10]} Rxe7 {[%emt 0:00:11]} 20. Bxe7 {[%emt 0:00:02]} d5 {[%emt 0:00:06]} 21. Bxb4 {[%emt 0:00:03]} Qb6 {[%emt 0:00:08]} 22. Bxd5 {[%emt 0:00:03]} Bf5 {[%emt 0:00:14]} 23. e3 {[%emt 0:00:06]} Bh3 {[%emt 0:00:20]} 24. exd4 {[%emt 0:00:04]} Bxf1 {[%emt 0:00:03]} 25. Kxf1 {[%emt 0:00:06]} exd4 {[%emt 0:00:00]} 26. Qf4 {[%emt 0:00:19] Abhi46698 resigns (Lag: Av=0.71s, max=1.1s)} 1-0

[Event "Stay Safe Play From Home 195"]
[Site "T#646521Emanuel Laske"]
[Date "2020.06.02"]
[Round "6"]
[White "Haris kollari 13"]
[Black "Tobo Rubirosa"]
[Result "1-0"]
[WhiteElo "1909"]
[BlackElo "1679"]
[Annotator "NA RC"]
[PlyCount "109"]
[EventDate "2020.06.02"]
[EventType "swiss (blitz)"]

1. e4 {[%emt 0:00:02]} c5 {[%emt 0:00:02]} 2. Nf3 {[%emt 0:00:01]} d6 {[%emt 0:00:01]} 3. d4 {[%emt 0:00:01]} cxd4 {[%emt 0:00:01]} 4. Nxd4 {[%emt 0:00:00]} Nf6 {[%emt 0:00:02]} 5. Nc3 {[%emt 0:00:01]} a6 {[%emt 0:00:01]} 6. f4 {[%emt 0:00:01]} e5 {[%emt 0:00:03]} 7. Nf3 {[%emt 0:00:01]} Nbd7 {[%emt 0:00:02]} 8. h3 {[%emt 0:00:02]} Be7 {[%emt 0:00:11]} 9. Be3 {[%emt 0:00:04]} O-O {[%emt 0:00:04]} 10. Qd2 {[%emt 0:00:03]} b5 {[%emt 0:00:04]} 11. Bd3 {[%emt 0:00:08]} Bb7 {[%emt 0:00:12]} 12. a3 {[%emt 0:00:01]} Qc7 {[%emt 0:00:08]} 13. fxe5 {[%emt 0:00:01]} dxe5 {[%emt 0:00:03]} 14. O-O-O {[%emt 0:00:04]} Rac8 {[%emt 0:00:04]} 15. Kb1 {[%emt 0:00:01]} b4 {[%emt 0:00:14]} 16. axb4 {[%emt 0:00:06]} Bxb4 {[%emt 0:00:02]} 17. Rhf1 {[%emt 0:00:07]} Qa5 {[%emt 0:00:15]} 18. Qc1 {[%emt 0:00:49]} Bxc3 {[%emt 0:01:02]} 19. bxc3 {[%emt 0:00:03]} Qxc3 {[%emt 0:00:02]} 20. Qb2 {[%emt 0:00:01]} Qxb2+ {[%emt 0:00:06]} 21. Kxb2 {[%emt 0:00:01]} Nc5 {[%emt 0:00:03]} 22. Bxc5 {[%emt 0:00:19]} Rxc5 {[%emt 0:00:03]} 23. Rfe1 {[%emt 0:00:00]} h6 {[%emt 0:00:05]} 24. Rb1 {[%emt 0:00:02]} Bc6 {[%emt 0:00:20]} 25. Kc1 {[%emt 0:00:03]} Bb5 {[%emt 0:00:09]} 26. Kd2 {[%emt 0:00:01]} Bxd3 {[%emt 0:00:02]} 27. cxd3 {[%emt 0:00:01]} Ra8 {[%emt 0:00:05]} 28. Ra1 {[%emt 0:00:01]} a5 {[%emt 0:00:02]} 29. Reb1 {[%emt 0:00:02]} Nh5 {[%emt 0:00:04]} 30. Rb3 {[%emt 0:00:08]} Nf4 {[%emt 0:00:02]} 31. g3 {[%emt 0:00:04]} Nxh3 {[%emt 0:00:03]} 32. Ke3 {[%emt 0:00:01]} Ng5 {[%emt 0:00:01]} 33. Nd2 {[%emt 0:00:05]} Ne6 {[%emt 0:00:05]} 34. Nc4 {[%emt 0:00:02]} Rc7 {[%emt 0:00:11]} 35. Nxe5 {[%emt 0:00:06]} a4 {[%emt 0:00:03]} 36. Rba3 {[%emt 0:00:02]} Rca7 {[%emt 0:00:13]} 37. d4 {[%emt 0:00:05]} Ra5 {[%emt 0:00:05]} 38. Nc4 {[%emt 0:00:02]} R5a6 {[%emt 0:00:02]} 39. Nb2 {[%emt 0:00:12]} Nc7 {[%emt 0:00:02]} 40. Rxa4 {[%emt 0:00:02]} Rxa4 {[%emt 0:00:02]} 41. Rxa4 {[%emt 0:00:01]} Rxa4 {[%emt 0:00:02]} 42. Nxa4 {[%emt 0:00:01]} Kf8 {[%emt 0:00:00]} 43. Nc5 {[%emt 0:00:01]} Ke7 {[%emt 0:00:01]} 44. g4 {[%emt 0:00:01]} g6 {[%emt 0:00:02]} 45. Nd3 {[%emt 0:00:02]} h5 {[%emt 0:00:01]} 46. gxh5 {[%emt 0:00:01]} gxh5 {[%emt 0:00:01]} 47. Kf4 {[%emt 0:00:01] Tobo Rubirosa ofrece tablas} Ne6+ {[%emt 0:00:03]} 48. Ke5 {[%emt 0:00:02]} h4 {[%emt 0:00:02]} 49. Nf2 {[%emt 0:00:00]} Ng5 {[%emt 0:00:06]} 50. d5 {[%emt 0:00:11]} h3 {[%emt 0:00:02]} 51. Kf5 {[%emt 0:00:01]} Nf3 {[%emt 0:00:04]} 52. Nxh3 {[%emt 0:00:03]} Nd2 {[%emt 0:00:02]} 53. e5 {[%emt 0:00:02]} Nc4 {[%emt 0:00:04]} 54. Nf4 {[%emt 0:00:03]} Nb6 {[%emt 0:00:02]} 55. Ke4 {[%emt 0:00:04] Tiempo (Lag: Av=0.91s, max=3.4s) '} 1-0

[Event "Stay Safe Play From Home 195"]
[Site "T#646521Emanuel Laske"]
[Date "2020.06.02"]
[Round "6"]
[White "President"]
[Black "Bellbox"]
[Result "1-0"]
[WhiteElo "1685"]
[BlackElo "1982"]
[Annotator "TA"]
[PlyCount "65"]
[EventDate "2020.06.02"]
[EventType "swiss (blitz)"]

{[%evp 10,65,13,-29,-30,-19,48,28,27,0,8,6,9,10,10,10,10,8,9,-4,-4,-7,-9,-43,-37,-42,-8,-21,-21,-20,-6,-15,-17,-26,-13,-21,0,0,0,0,595,568,596,507,619,431,594,571,659,671,701,691,29986,29987,29991,29992,29998,29999]} 1. b3 e5 2. Bb2 Nc6 3. e3 d5 4. Bb5 Bd6 5. Nf3 Qe7 6. d4 {Threatens to win with dxe5.} e4 {A01: Nimzowitsch-Larsen Opening.} 7. Ne5 Bd7 {7...Qg5 gains popularity.} (7... Qg5 $11) 8. Nxd7 Qxd7 {White has an edge.} 9. Ba3 {[#]} Bxa3 $146 ({Predecessor:} 9... Nf6 10. Bxd6 Qxd6 11. O-O h5 12. f4 exf3 13. Qxf3 O-O-O 14. Nd2 Ng4 15. g3 Qb4 16. Bxc6 Qxd2 {0-1 (16) Valla,T (1808)-Chabada,T (1928) Slovakia 2015}) 10. Nxa3 Nge7 11. c4 a6 12. Bxc6 Qxc6 13. O-O Qd6 14. Qc1 c6 15. cxd5 cxd5 16. Qb2 O-O 17. Rac1 Rfc8 18. Rxc8+ Rxc8 19. Rc1 Rc6 20. Rxc6 Nxc6 21. Nc2 h5 22. g3 {[#]} h4 $1 {[%mdl 512]} 23. gxh4 Qg6+ 24. Kf1 Nb4 $2 {[%mdl 8192]} (24... Qg4 $11 {and Black is okay.}) 25. Nxb4 $18 Qg4 26. Qe2 Qxh4 27. Ke1 Qxh2 28. Nxd5 Qd6 29. Qc4 b5 30. Qc5 Qh2 31. Ne7+ {White mates.} Kh7 {[#]} 32. Qf5+ $1 {[%mdl 64] Double Attack} g6 33. Qxf7+ {Accuracy: White = 81%, Black = 57%.} 1-0